[Event "SR 2. liga A 2004/2005"]
[Site "?"]
[Date "2004.11.22"]
[Round "4.2"]
[White "Marko, Vladimir"]
[Black "Szitkey, Milan"]
[Result "0-1"]
[WhiteElo "2037"]
[BlackElo "2217"]
[PlyCount "56"]
[EventDate "2004.??.??"]

1. f4 d5 2. Nf3 g6 3. e3 Bg7 4. d4 Nh6 5. Bd3 O-O 6. O-O b6 7. e4 e6 8. e5 c5
9. c3 Ba6 10. h3 cxd4 11. cxd4 Bxd3 12. Qxd3 Qc8 13. b3 Qa6 14. Qxa6 Nxa6 15.
Ba3 Rfc8 16. Nbd2 Nf5 17. Rfc1 Bh6 18. g4 Ne3 19. g5 Bf8 20. Bxf8 Kxf8 21. Ne1
Nb4 22. Rxc8+ Rxc8 23. Ndf3 Rc6 24. a3 Nec2 25. Nxc2 Nxc2 26. Ra2 Rc3 27. Kf2
Ne3 28. Re2 Nd1+ 0-1

[Event "SR 2. liga A 2004/2005"]
[Site "?"]
[Date "2004.11.21"]
[Round "4.2"]
[White "Obdrzalkova, Anita"]
[Black "Gasa, Andrej"]
[Result "0-1"]
[WhiteElo "2137"]
[BlackElo "2202"]
[PlyCount "126"]
[EventDate "2004.??.??"]

1. d4 d5 2. c4 e6 3. Nc3 Nf6 4. Bg5 Nbd7 5. e3 c6 6. Nf3 Qa5 7. Nd2 Bb4 8. Qc2
dxc4 9. Bxf6 Nxf6 10. Nxc4 Qc7 11. Bd3 O-O 12. h3 Be7 13. O-O c5 14. Nb5 Qc6
15. Ne5 Qb6 16. Rac1 cxd4 17. Nxd4 Qa5 18. Nc4 Qc5 19. Nf3 b6 20. e4 b5 21. Na5
Qxc2 22. Rxc2 a6 23. e5 Nd5 24. Nc6 Bd8 25. Be4 Bd7 26. Nfd4 Bb6 27. Rd1 Rfe8
28. Bxd5 exd5 29. Nb4 Rxe5 30. Nf3 Ree8 31. Nxd5 Bf5 32. Rc6 Bd8 33. Nd4 Be4
34. Rd6 Bxd5 35. Rxd5 Bf6 36. b3 h6 37. Nf5 Rad8 38. Kf1 Kf8 39. Rd7 Rxd7 40.
Rxd7 Rc8 41. Ke2 Rc2+ 42. Rd2 Rxd2+ 43. Kxd2 g6 44. Nd6 Ke7 45. Ne4 Bd4 46. Kd3
Bb6 47. f3 Ke6 48. Nc3 Ke5 49. a4 bxa4 50. Nxa4 Bf2 51. Kc4 Kf4 52. Nc5 Kg3 53.
Nxa6 Kxg2 54. b4 Kxh3 55. Nc5 h5 56. Ne4 Ba7 57. Kd3 Kg2 58. Ke2 h4 59. Nd2 h3
60. Nf1 h2 61. Nxh2 Kxh2 62. f4 Kg3 63. f5 gxf5 0-1

[Event "SR 2. liga A 2004/2005"]
[Site "?"]
[Date "2004.11.21"]
[Round "4.2"]
[White "Tepper, Frantisek"]
[Black "Oprea, Erik"]
[Result "1/2-1/2"]
[WhiteElo "2245"]
[BlackElo "2115"]
[PlyCount "20"]
[EventDate "2004.??.??"]

1. e4 d5 2. exd5 Nf6 3. d4 Nxd5 4. Nf3 g6 5. h3 Bg7 6. Bd3 O-O 7. O-O c6 8. c4
Nb4 9. Be3 Nxd3 10. Qxd3 Bf5 1/2-1/2

[Event "SR 2. liga A 2004/2005"]
[Site "?"]
[Date "2004.11.21"]
[Round "4.3"]
[White "Cvicela, Anton"]
[Black "Kralovic, Andrej"]
[Result "0-1"]
[WhiteElo "2185"]
[BlackElo "2062"]
[PlyCount "64"]
[EventDate "2004.??.??"]

1. e4 e5 2. Nf3 Nc6 3. d4 exd4 4. Nxd4 Bc5 5. Be3 Qf6 6. c3 Nge7 7. g3 d5 8.
Bg2 Nxd4 9. cxd4 Bb4+ 10. Kf1 Qa6+ 11. Kg1 dxe4 12. Bxe4 Bf5 13. Qf3 Bxe4 14.
Qxe4 O-O 15. Nc3 Rfe8 16. Kg2 Rad8 17. Qf3 Bxc3 18. bxc3 Nd5 19. Bd2 Qc4 20.
Rhe1 Rxe1 21. Rxe1 Qxa2 22. Qe2 h6 23. c4 Nf6 24. Qd3 c6 25. Bc3 b5 26. d5 bxc4
27. Qf5 Nxd5 28. Bd4 Qd2 29. Qg4 Nf4+ 30. gxf4 Qxd4 31. Re7 Qd5+ 32. Kg3 c3 {
(time 1:55 - 1:56)} 0-1

[Event "SR 2. liga A 2004/2005"]
[Site "?"]
[Date "2004.11.21"]
[Round "4.3"]
[White "Eged, Igor"]
[Black "Petreje, Juraj"]
[Result "1/2-1/2"]
[WhiteElo "2107"]
[BlackElo "2192"]
[PlyCount "39"]
[EventDate "2004.??.??"]

1. d4 d5 2. c4 c6 3. e3 Nf6 4. Nc3 g6 5. cxd5 Nxd5 6. Nf3 Bg7 7. Bc4 O-O 8. O-O
Nb6 9. Bd3 N8d7 10. Qc2 e5 11. Rd1 exd4 12. Nxd4 Qe7 13. Be2 Nc5 14. b3 Ne6 15.
Nf3 Rd8 16. Bb2 Nd7 17. Rd2 Nf6 18. Rad1 Rxd2 19. Rxd2 Bd7 20. Ne4 1/2-1/2

[Event "SR 2. liga A 2004/2005"]
[Site "?"]
[Date "2004.11.22"]
[Round "4.3"]
[White "Krajnak, Robert"]
[Black "Machalova, Veronika"]
[Result "1/2-1/2"]
[WhiteElo "2117"]
[BlackElo "2177"]
[PlyCount "66"]
[EventDate "2004.??.??"]

1. c4 e5 2. Nc3 Nc6 3. g3 g6 4. Bg2 Bg7 5. Rb1 a5 6. a3 f5 7. b4 axb4 8. axb4
Nf6 9. b5 Ne7 10. Qb3 d6 11. d3 Nd7 12. Nf3 Nc5 13. Qc2 O-O 14. O-O Ne6 15. Bd2
c5 16. bxc6 bxc6 17. Ra1 Bd7 18. Ra2 Qc7 19. Rfa1 Rxa2 20. Rxa2 Rb8 21. Ra6 Nc5
22. Ra3 Nc8 23. Be3 Ne6 24. Qa2 Kh8 25. Ng5 Nxg5 26. Bxg5 Qb6 27. Ra6 Qb4 28.
Bd2 e4 29. Nb5 Qc5 30. Be3 Qb4 31. Bd2 Qc5 32. Be3 Qb4 33. Bd2 Qc5 1/2-1/2

[Event "SR 2. liga A 2004/2005"]
[Site "?"]
[Date "2004.11.22"]
[Round "4.3"]
[White "Nicolini, Alexander"]
[Black "Hricak, Vasil"]
[Result "1/2-1/2"]
[WhiteElo "2120"]
[BlackElo "2014"]
[PlyCount "38"]
[EventDate "2004.??.??"]

1. e4 c5 2. Nf3 Nc6 3. c3 d5 4. exd5 Qxd5 5. d4 Bf5 6. Be2 cxd4 7. cxd4 e6 8.
Nc3 Qd8 9. Qa4 Bb4 10. O-O Nge7 11. Rd1 O-O 12. Bg5 Qa5 13. Qb3 Nd5 14. Rac1
Bg4 15. Nxd5 Qxd5 16. Bc4 Qf5 17. Bd3 Qd5 18. Bc4 Qf5 19. Bd3 Qd5 1/2-1/2

[Event "SR 2. liga A 2004/2005"]
[Site "?"]
[Date "2004.11.21"]
[Round "4.3"]
[White "Provaznik, Michal"]
[Black "Bury, Rastislav"]
[Result "1/2-1/2"]
[WhiteElo "2192"]
[BlackElo "2053"]
[PlyCount "48"]
[EventDate "2004.??.??"]

1. e4 e5 2. Nf3 Nc6 3. Bb5 a6 4. Ba4 Nf6 5. O-O Be7 6. Re1 b5 7. Bb3 O-O 8. a4
Bb7 9. d3 d6 10. Nc3 Na5 11. Ba2 b4 12. Ne2 c5 13. c3 Qb6 14. cxb4 Qxb4 15. Bd2
Qb6 16. Ng3 Nc6 17. a5 Qc7 18. Nf5 Bc8 19. N3h4 Bd8 20. Qc1 Ne8 21. Re3 Nd4 22.
Qd1 Nxf5 23. Nxf5 Bxf5 24. exf5 Bg5 1/2-1/2

[Event "SR 2. liga A 2004/2005"]
[Site "?"]
[Date "2004.11.21"]
[Round "4.3"]
[White "Seitler, Andrej"]
[Black "Bebiak, Jozef"]
[Result "1/2-1/2"]
[WhiteElo "2191"]
[BlackElo "2122"]
[PlyCount "91"]
[EventDate "2004.??.??"]

1. e4 c5 2. Nf3 d6 3. Bb5+ Bd7 4. Bxd7+ Nxd7 5. b3 Ngf6 6. Qe2 e6 7. c4 Be7 8.
Bb2 O-O 9. O-O d5 10. e5 Ne4 11. d3 Ng5 12. Nfd2 h6 13. f4 Nh7 14. cxd5 exd5
15. d4 f6 16. e6 Nb8 17. f5 Nc6 18. dxc5 Bxc5+ 19. Kh1 Qe7 20. Nf3 Rfe8 21. a3
Ng5 22. Nxg5 hxg5 23. Rf3 g6 24. fxg6 Nd4 25. Bxd4 Bxd4 26. Ra2 Kg7 27. Rh3 Rh8
28. Rh7+ Rxh7 29. gxh7 Be5 30. Rd2 Rc8 31. Rc2 Rxc2 32. Qxc2 Qxe6 33. Nd2 g4
34. Nf1 Bd6 35. Qf2 Kxh7 36. Qxa7 Qe2 37. Kg1 Qb5 38. b4 Bc7 39. Ne3 Qc6 40.
Qd4 Bb6 41. Qd3+ Kg7 42. Kf1 Qc1+ 43. Ke2 Qb2+ 44. Kf1 Qc1+ 45. Ke2 Qb2+ 46.
Kf1 1/2-1/2

[Event "SR 2. liga A 2004/2005"]
[Site "?"]
[Date "2004.11.22"]
[Round "4.4"]
[White "Antol, Ladislav"]
[Black "Hartl, Jan"]
[Result "0-1"]
[WhiteElo "2079"]
[BlackElo "2158"]
[PlyCount "76"]
[EventDate "2004.??.??"]

1. e4 d5 2. exd5 Nf6 3. d4 Nxd5 4. Nc3 g6 5. Ne4 Bg7 6. Nf3 O-O 7. c3 Nd7 8.
Bd3 h6 9. Bd2 N7f6 10. Qc1 Kh7 11. h4 Nxe4 12. Bxe4 h5 13. Qc2 Qd6 14. O-O-O b5
15. Bg5 c6 16. Rde1 Be6 17. Ne5 Kg8 18. Bd2 c5 19. c4 bxc4 20. Nxc4 Qa6 21.
dxc5 Qxa2 22. Bxg6 Rac8 23. b4 Qa1+ 24. Qb1 Qd4 25. Qe4 Qa1+ 26. Qb1 Qf6 27.
Bh7+ Kh8 28. Ne3 a5 29. Nxd5 Bxd5 30. Qf5 Qb2+ 31. Kd1 Bb3+ 32. Ke2 Bc4+ 33.
Kf3 Qxd2 34. Re3 Rc6 35. Qxh5 Rf6+ 36. Bf5+ Bh6 37. Kg3 Rg8+ 38. Kh3 Qxf2 {time
} 0-1

[Event "SR 2. liga A 2004/2005"]
[Site "?"]
[Date "2004.11.21"]
[Round "4.4"]
[White "Bronis, Marian"]
[Black "Cambel, Vladimir"]
[Result "1-0"]
[WhiteElo "2161"]
[BlackElo "2039"]
[PlyCount "75"]
[EventDate "2004.??.??"]

1. d4 Nf6 2. c4 g6 3. Nc3 Bg7 4. e4 d6 5. Be3 Ng4 6. Bg5 h6 7. Bh4 c5 8. d5 f5
9. exf5 Bxf5 10. h3 Qa5 11. Qd2 Ne5 12. g4 Bd7 13. f4 Nxg4 14. hxg4 Bxg4 15.
Bh3 Bxh3 16. Rxh3 Nd7 17. O-O-O Nf6 18. Re3 Kd7 19. Rde1 Rae8 20. Qc2 Rhg8 21.
Qxg6 b5 22. cxb5 Qb4 23. Qf5+ Kd8 24. Nh3 Bh8 25. a3 Qc4 26. Qd3 Qd4 27. Qe2
Rg7 28. Bxf6 Qxf6 29. Re6 Qf7 30. b6 axb6 31. Qa6 Rg2 32. Qxb6+ Kd7 33. Qc6+
Kd8 34. Qb6+ Kd7 35. Qc6+ Kd8 36. Nb5 Bxb2+ 37. Kb1 Qf5+ 38. R1e4 1-0

[Event "SR 2. liga A 2004/2005"]
[Site "?"]
[Date "2004.11.21"]
[Round "4.4"]
[White "Kantor, Tamas"]
[Black "Hecko, Dusan"]
[Result "1/2-1/2"]
[WhiteElo "2106"]
[BlackElo "2137"]
[PlyCount "81"]
[EventDate "2004.??.??"]

1. e4 c6 2. d4 d5 3. e5 Bf5 4. g4 Bd7 5. h4 e6 6. Bd3 c5 7. c3 Nc6 8. Nf3 Qb6
9. dxc5 Bxc5 10. Qe2 a5 11. Nbd2 a4 12. Nf1 Nge7 13. Ng3 Qc7 14. Nh5 Kf8 15.
Be3 Bxe3 16. Qxe3 Ng6 17. Qc5+ Kg8 18. Bxg6 hxg6 19. Nf4 Rc8 20. Qe3 Na5 21.
Nd2 Nc4 22. Nxc4 Qxc4 23. Kd2 Qb5 24. Nd3 Qa5 25. h5 gxh5 26. Rxh5 Rxh5 27.
gxh5 Bb5 28. h6 Bxd3 29. Kxd3 g6 30. h7+ Kh8 31. Qf4 Qb5+ 32. Ke3 Qc5+ 33. Kf3
Qe7 34. Rh1 Rc4 35. Qh6 Qd8 36. Kg3 d4 37. Qf4 b5 38. Rd1 d3 39. Qe3 Qc8 40. f4
b4 41. Rxd3 1/2-1/2

[Event "SR 2. liga A 2004/2005"]
[Site "?"]
[Date "2004.11.21"]
[Round "4.4"]
[White "Lauf, Pavol"]
[Black "Kovarik, Oto"]
[Result "1-0"]
[WhiteElo "2120"]
[BlackElo "2100"]
[PlyCount "55"]
[EventDate "2004.??.??"]

1. c4 e6 2. g3 d5 3. Bg2 Nf6 4. d4 Be7 5. Nc3 O-O 6. Nf3 c6 7. O-O Nbd7 8. Re1
Ne8 9. e4 dxe4 10. Nxe4 Ndf6 11. Nc3 a6 12. Ne5 Bd6 13. Qe2 c5 14. dxc5 Bxc5
15. Bf4 Nd6 16. Red1 Qe7 17. Na4 Nf5 18. Nxc5 Qxc5 19. Rd2 h6 20. b3 g5 21. Nd3
Qe7 22. Be5 Nd7 23. Bc3 Re8 24. Re1 Ng7 25. Ne5 Nf8 26. Ng4 Nh7 27. Nxh6+ Kh8
28. Bxg7+ 1-0

[Event "SR 2. liga A 2004/2005"]
[Site "?"]
[Date "2004.11.22"]
[Round "4.4"]
[White "Vrba, Michal"]
[Black "Doucha, Ludvik"]
[Result "1-0"]
[WhiteElo "1877"]
[BlackElo "2134"]
[PlyCount "81"]
[EventDate "2004.??.??"]

1. e4 e5 2. Nf3 d6 3. d4 exd4 4. Nxd4 g6 5. Bc4 Bg7 6. O-O Nc6 7. Be3 Nge7 8.
Nc3 O-O 9. Qd2 Ne5 10. Bb3 a6 11. a4 Ng4 12. Bf4 Nc6 13. Nxc6 bxc6 14. h3 Ne5
15. Bh6 Qh4 16. Bxg7 Kxg7 17. f4 Nd7 18. Qd4+ f6 19. Rf3 Rb8 20. Rb1 Nc5 21.
Bc4 Rb4 22. b3 Re8 23. Qd2 a5 24. e5 fxe5 25. fxe5 d5 26. Qe3 Ne6 27. Rbf1 dxc4
28. Rf7+ Kg8 29. Ne4 cxb3 30. g4 Rxe4 31. Qxe4 Qg3+ 32. Kh1 Qxh3+ 33. Kg1 Qg3+
34. Kh1 Ba6 35. Qxc6 Qh3+ 36. Kg1 Qxg4+ 37. Kh1 Rd8 38. Qxa6 Rd2 39. Qc8+ Nd8
40. Qxg4 Nxf7 41. Qe6 1-0

[Event "SR 2. liga A 2004/2005"]
[Site "?"]
[Date "2004.11.21"]
[Round "4.4"]
[White "Vychodil, Michal"]
[Black "Krajcovic, Branislav"]
[Result "1/2-1/2"]
[WhiteElo "2098"]
[BlackElo "2136"]
[PlyCount "79"]
[EventDate "2004.??.??"]

1. e4 e5 2. d4 exd4 3. Qxd4 Nc6 4. Qe3 d6 5. Nc3 Nf6 6. Bd2 Be7 7. h3 O-O 8.
O-O-O d5 9. exd5 Nxd5 10. Qf3 Nxc3 11. Bxc3 Bd6 12. Bc4 Qg5+ 13. Bd2 Qc5 14.
Bb3 Nd4 15. Qc3 Nxb3+ 16. axb3 Qxf2 17. Nf3 Qc5 18. Qxc5 Bxc5 19. Bf4 c6 20.
Bd6 Be3+ 21. Kb1 Re8 22. Rhe1 Bf5 23. Ne5 Bg5 24. g4 Be6 25. Nf3 Be7 26. Bxe7
Rxe7 27. Rd6 Rae8 28. Ng5 Rd7 29. Rxd7 Bxd7 30. Rd1 Bc8 31. Ne4 f5 32. Nd6 Rd8
33. g5 b6 34. c4 Kf8 35. b4 c5 36. bxc5 bxc5 37. Rd5 f4 38. Nxc8 Rxc8 39. Rf5+
Ke7 40. Rxf4 {(time 1:49 - 1:59)} 1/2-1/2

[Event "SR 2. liga A 2004/2005"]
[Site "?"]
[Date "2004.11.??"]
[Round "4.5"]
[White "Breja, Stanislav"]
[Black "Kebis, Milos"]
[Result "1/2-1/2"]
[WhiteElo "2131"]
[BlackElo "2097"]
[PlyCount "93"]
[EventDate "2004.??.??"]

1. e4 g6 2. d4 d6 3. Nf3 Bg7 4. Bc4 Nf6 5. Qe2 O-O 6. O-O c6 7. e5 Nd5 8. Bg5
h6 9. Bxd5 dxe5 10. Bb3 hxg5 11. dxe5 Bg4 12. e6 f5 13. Nc3 Na6 14. Rad1 Qa5
15. Rd7 Bf6 16. Qe3 Bxf3 17. gxf3 Nc5 18. Rd2 Nxb3 19. axb3 Kg7 20. Rfd1 Qb4
21. Rd7 b6 22. Rc7 Rad8 23. Rdd7 Rxd7 24. exd7 Qd6 25. Rxa7 Qb8 26. Ra1 Rh8 27.
f4 gxf4 28. Qf3 Qc7 29. Rd1 Rd8 30. Na4 Rxd7 31. Rxd7 Qxd7 32. Nxb6 Qd4 33. Nc4
Qe4 34. Qxe4 fxe4 35. Kf1 Kf7 36. Nd2 e3 37. fxe3 fxe3 38. Nc4 Ke6 39. Nxe3
Bxb2 40. Ke2 Be5 41. h3 Bd4 42. Nc4 Kf5 43. Kf3 g5 44. Na5 c5 45. Nc6 e5 46.
Ne7+ Ke6 47. Nc6 1/2-1/2

[Event "SR 2. liga A 2004/2005"]
[Site "?"]
[Date "2004.11.22"]
[Round "4.5"]
[White "Heinrich, Jan"]
[Black "Sarmir, Milos"]
[Result "1-0"]
[WhiteElo "2109"]
[BlackElo "2153"]
[PlyCount "80"]
[EventDate "2004.??.??"]

1. d4 Nf6 2. Nf3 e6 3. g3 d5 4. c4 Be7 5. Bg2 O-O 6. Nbd2 c6 7. O-O Nbd7 8. b3
Qc7 9. Bb2 b6 10. Rc1 Qd6 11. Qc2 Ba6 12. Rfd1 Rac8 13. Ne5 Qb8 14. Nxd7 Nxd7
15. e4 Nf6 16. Qb1 Rfd8 17. e5 Ne8 18. f4 g6 19. g4 Ng7 20. f5 gxf5 21. gxf5
Nxf5 22. Bh3 Ng7 23. Rf1 Bg5 24. Rxf7 Rf8 25. Bxe6 Rxf7 26. Bxf7+ Kh8 27. Qd3
Rf8 28. Rf1 Qc8 29. Nb1 Qg4+ 30. Kh1 dxc4 31. bxc4 Bf4 32. e6 Qh4 33. Rxf4 Qxf4
34. Nd2 Qh4 35. Qe3 Qe7 36. Qe5 Rxf7 37. exf7 Qxf7 38. d5 cxd5 39. cxd5 Bb7 40.
Qb8+ Qg8 {time} 1-0

[Event "SR 2. liga A 2004/2005"]
[Site "?"]
[Date "2004.11.21"]
[Round "4.5"]
[White "Kasanicky, Robert"]
[Black "Bednar, Jan"]
[Result "0-1"]
[WhiteElo "2005"]
[BlackElo "2103"]
[PlyCount "104"]
[EventDate "2004.??.??"]

1. e4 e5 2. Nf3 Nc6 3. Bb5 a6 4. Bxc6 dxc6 5. O-O f6 6. d4 exd4 7. Nxd4 c5 8.
Nb3 Qxd1 9. Rxd1 Bd7 10. Bf4 O-O-O 11. Nc3 Bc6 12. Rxd8+ Kxd8 13. Na5 Kd7 14.
Rd1+ Kc8 15. Nxc6 bxc6 16. Na4 Nh6 17. Be3 c4 18. Bxh6 gxh6 19. Rd4 Bd6 20. g3
h5 21. Rxc4 h4 22. Kg2 hxg3 23. hxg3 h5 24. Rxc6 Kb7 25. Rc4 h4 26. gxh4 Rxh4
27. b3 Rh5 28. Nb2 Rg5+ 29. Kf3 f5 30. Nd3 fxe4+ 31. Kxe4 Rg4+ 32. f4 Rh4 33.
Kf5 Rh2 34. Nc5+ Bxc5 35. Kg6 Rg2+ 36. Kf6 Bd6 37. f5 Rg8 38. Ke6 Re8+ 39. Kf7
Rf8+ 40. Ke6 Re8+ 41. Kf7 Re2 42. f6 a5 43. Kg6 Rg2+ 44. Kh7 Be5 45. Rc5 Bxf6
46. Rxa5 Rxc2 47. Kg6 Rf2 48. Rb5+ Kc6 49. a4 Be7 50. Rb8 Bd6 51. b4 Bf8 52.
b5+ Kc5 0-1

[Event "SR 2. liga A 2004/2005"]
[Site "?"]
[Date "2004.11.21"]
[Round "4.5"]
[White "Kruppa, Dominik"]
[Black "Petenyi, Tamas"]
[Result "1-0"]
[WhiteElo "2032"]
[BlackElo "2037"]
[PlyCount "77"]
[EventDate "2004.??.??"]

1. d4 Nf6 2. c4 c5 3. d5 b5 4. cxb5 a6 5. bxa6 Bxa6 6. Nc3 d6 7. e4 Bxf1 8.
Kxf1 g6 9. g3 Bg7 10. Kg2 O-O 11. Nf3 Nbd7 12. h3 Ra6 13. Qe2 Qa8 14. Nd2 Re8
15. Nc4 Qb7 16. a4 e6 17. Nb5 Bf8 18. Bf4 e5 19. Bd2 Rea8 20. b3 Ne8 21. Rhb1
f5 22. f3 Nb6 23. Nba3 Qf7 24. Nxb6 Rxb6 25. Nc4 Rba6 26. a5 f4 27. g4 h5 28.
b4 cxb4 29. Rxb4 R8a7 30. Rab1 hxg4 31. hxg4 Qf6 32. Rb7 Bh6 33. Be1 Qd8 34.
Rb8 Qe7 35. Bf2 Rc7 36. Nxe5 Qxe5 37. Qxa6 Bf8 38. Qa8 Re7 39. R1b7 1-0

[Event "SR 2. liga A 2004/2005"]
[Site "?"]
[Date "2004.11.21"]
[Round "4.5"]
[White "Lahucky, Pavol"]
[Black "Szollos, Ondrej"]
[Result "1/2-1/2"]
[WhiteElo "2089"]
[BlackElo "2101"]
[PlyCount "90"]
[EventDate "2004.??.??"]

1. c4 d6 2. Nc3 c6 3. e4 Qc7 4. d3 e5 5. f4 Nf6 6. Nf3 Bg4 7. Be2 Nbd7 8. f5
Bh5 9. h3 Bxf3 10. Bxf3 Qb6 11. Qe2 Be7 12. Be3 c5 13. O-O a6 14. Rfb1 Qc7 15.
Kh2 Rb8 16. g4 h6 17. Qf2 b5 18. b3 b4 19. Na4 Nh7 20. h4 Qd8 21. Kh3 g5 22.
fxg6 fxg6 23. Rf1 g5 24. h5 O-O 25. Qe2 Qc7 26. Nb2 Rf7 27. Nd1 Ndf8 28. a4 Ne6
29. Kg2 Rbf8 30. Ra2 Qd7 31. Kg3 Nf6 32. Rf2 Rg7 33. Rh2 Nf4 34. Qd2 Ne8 35.
Bg1 Rgf7 36. Bh1 Nf6 37. Ne3 Ne8 38. Nf5 Qe6 39. Be3 Nc7 40. Bf3 Qf6 41. Ra1
Nce6 42. Rg1 Nd4 43. Bd1 Kh8 44. Rf1 Rg8 45. Rff2 Bf8 {(time 2:30 - 1:58)}
1/2-1/2

[Event "SR 2. liga A 2004/2005"]
[Site "?"]
[Date "2004.11.22"]
[Round "4.5"]
[White "Puchart, Vladimir"]
[Black "Prielozny, Marek"]
[Result "0-1"]
[WhiteElo "2085"]
[BlackElo "1990"]
[PlyCount "73"]
[EventDate "2004.??.??"]

1. d4 Nf6 2. c4 c5 3. d5 b5 4. Nf3 Bb7 5. g3 d6 6. Bg2 g6 7. O-O Bg7 8. Re1
bxc4 9. e4 Nbd7 10. h3 Nb6 11. Nc3 Nfd7 12. Bf4 O-O 13. e5 dxe5 14. Nxe5 Nxe5
15. Bxe5 Bxe5 16. Rxe5 Qd6 17. Qe2 Rfe8 18. Re1 Kf8 19. Qe3 Nd7 20. Re4 Qf6 21.
Qh6+ Qg7 22. Qxg7+ Kxg7 23. Rxe7 Nf6 24. Kf1 Rab8 25. Rxe8 Rxe8 26. Rxe8 Nxe8
27. Nb5 a6 28. d6 Bxg2+ 29. Kxg2 Nf6 30. Nc7 Nd7 31. Kf3 a5 32. Ke4 f5+ 33. Kd5
Kf6 34. Kc6 Ne5+ 35. Kxc5 Nd7+ 36. Kc6 Nb8+ 37. Kb7 0-1

[Event "SR 2. liga A 2004/2005"]
[Site "?"]
[Date "2004.11.21"]
[Round "4.6"]
[White "Farkas, Gabor"]
[Black "Hanzluvka, Peter"]
[Result "1-0"]
[WhiteElo "2072"]
[BlackElo "2081"]
[PlyCount "59"]
[EventDate "2004.??.??"]

1. e4 c5 2. Nf3 d6 3. d4 cxd4 4. Nxd4 Nf6 5. Nc3 a6 6. Bg5 e6 7. f4 Be7 8. Qf3
Qc7 9. O-O-O Nbd7 10. Bd3 b5 11. Rhe1 Bb7 12. Nd5 Nxd5 13. exd5 Bxd5 14. Be4
Bxe4 15. Qxe4 d5 16. Nxe6 fxe6 17. Qxe6 Nf6 18. Bxf6 gxf6 19. Qxd5 Rd8 20. Qh5+
Kf8 21. Qh6+ Kg8 22. Rxd8+ Qxd8 23. Re3 Bf8 24. Rg3+ Kf7 25. Qh5+ Ke7 26. Re3+
Kd7 27. Qf7+ Kc6 28. Re8 Qc7 29. Qxf6+ Bd6 30. Qxh8 1-0

[Event "SR 2. liga A 2004/2005"]
[Site "?"]
[Date "2004.11.22"]
[Round "4.6"]
[White "Rohackova, Veronika"]
[Black "Novak, Stanislav"]
[Result "0-1"]
[WhiteElo "2055"]
[BlackElo "2055"]
[PlyCount "64"]
[EventDate "2004.??.??"]

1. e4 d6 2. d4 Nf6 3. Nc3 g6 4. f4 Bg7 5. Nf3 O-O 6. h3 c5 7. Be3 cxd4 8. Nxd4
Nc6 9. Qd2 Nh5 10. Qf2 Nxd4 11. Bxd4 Bxd4 12. Qxd4 Nxf4 13. O-O-O Qa5 14. Qe3
Qe5 15. g3 Nh5 16. Rg1 Be6 17. Be2 Nf6 18. Bf3 Rfc8 19. g4 Rc5 20. h4 Rac8 21.
Rd4 b5 22. g5 Nd7 23. Be2 Nb6 24. Kb1 a5 25. Nxb5 Rxb5 26. Bxb5 Qxb5 27. c3 Nc4
28. Qc1 a4 29. Ka1 Qc5 30. Rgd1 Rb8 31. Re1 Rxb2 32. Rxc4 Rxa2+ 0-1

[Event "SR 2. liga A 2004/2005"]
[Site "?"]
[Date "2004.11.21"]
[Round "4.6"]
[White "Stefan, Oldrich"]
[Black "Bilovsky, Milan"]
[Result "1-0"]
[WhiteElo "2085"]
[BlackElo "1875"]
[PlyCount "34"]
[EventDate "2004.??.??"]

1. d4 c6 2. Nf3 d5 3. e3 Bf5 4. Bd3 Bg6 5. O-O Nf6 6. c4 e6 7. Nc3 Nbd7 8. b3
Bd6 9. Bb2 Rc8 10. Qc2 O-O 11. e4 dxe4 12. Nxe4 Bb8 13. Rfe1 Qa5 14. Bc3 Qh5
15. h3 Rfe8 16. Re2 Rcd8 17. Rae1 b6 1-0

[Event "SR 2. liga A 2004/2005"]
[Site "?"]
[Date "2004.11.22"]
[Round "4.6"]
[White "Sukuba, Zdeno"]
[Black "Hanes, Mojmir"]
[Result "1/2-1/2"]
[WhiteElo "2102"]
[BlackElo "2066"]
[PlyCount "37"]
[EventDate "2004.??.??"]

1. Nf3 d5 2. c4 c6 3. g3 Nf6 4. Bg2 g6 5. O-O Bg7 6. d4 O-O 7. Nc3 Nbd7 8. cxd5
cxd5 9. Qb3 Nb6 10. Bf4 Bd7 11. a4 Bc6 12. Ne5 Nbd7 13. Nxc6 bxc6 14. a5 Nh5
15. Be3 e5 16. Rfd1 Qc7 17. Qa3 Rab8 18. b4 a6 19. Rac1 1/2-1/2

[Event "SR 2. liga A 2004/2005"]
[Site "?"]
[Date "2004.11.21"]
[Round "4.6"]
[White "Syrovy, Ivan"]
[Black "Peska, Juraj"]
[Result "1-0"]
[WhiteElo "2069"]
[BlackElo "1848"]
[PlyCount "119"]
[EventDate "2004.??.??"]

1. e4 c5 2. Nf3 Nc6 3. d4 cxd4 4. Nxd4 Nf6 5. Nc3 d6 6. Be2 g6 7. Be3 Bg7 8. h3
Bd7 9. Qd2 O-O 10. O-O a6 11. Rad1 b5 12. a3 Rc8 13. f4 Qc7 14. Nxc6 Bxc6 15.
Bf3 Rfd8 16. Qf2 Qb7 17. Bd4 Re8 18. e5 Ne4 19. Bxe4 Bxe4 20. exd6 Bxd4 21.
Rxd4 exd6 22. Rxd6 Bc6 23. f5 Qe7 24. Rd3 Qf6 25. Qg3 Red8 26. fxg6 Qxg6 27.
Rfd1 Rxd3 28. Rxd3 Re8 29. Qxg6+ hxg6 30. Rd6 Rc8 31. Ne2 Bb7 32. Nd4 Rc7 33.
Rd8+ Kg7 34. c3 Re7 35. Kf2 Kf6 36. g3 Kg7 37. Nb3 Re5 38. Rd4 Bc8 39. h4 Be6
40. Nd2 Rf5+ 41. Rf4 Rxf4+ 42. gxf4 Kf6 43. b3 Kf5 44. Kg3 Kf6 45. c4 bxc4 46.
bxc4 Ke7 47. Kf3 Kd6 48. Ke3 Kc5 49. Kd3 Bf5+ 50. Kc3 Kb6 51. Kb4 Bd3 52. Nf3
f6 53. Nd4 Bf1 54. Ne6 Be2 55. Nf8 a5+ 56. Kc3 Kc5 57. Nd7+ Kd6 58. Nxf6 Ke6
59. Ne4 Bd1 60. Ng3 {(time 2:10 - 2:50)} 1-0

[Event "SR 2. liga A 2004/2005"]
[Site "?"]
[Date "2004.11.22"]
[Round "4.6"]
[White "Tomanek, Rafael"]
[Black "Puskas, Miroslav"]
[Result "1/2-1/2"]
[WhiteElo "1985"]
[BlackElo "2101"]
[PlyCount "30"]
[EventDate "2004.??.??"]

1. d4 d5 2. c4 c6 3. cxd5 cxd5 4. Nf3 Nc6 5. Nc3 Nf6 6. Bf4 a6 7. e3 e6 8. Bd3
Bb4 9. O-O Bxc3 10. bxc3 O-O 11. Ne5 Bd7 12. g4 Rc8 13. f3 Nxe5 14. dxe5 Ne4
15. Bxe4 dxe4 1/2-1/2

[Event "SR 2. liga A 2004/2005"]
[Site "?"]
[Date "2004.11.21"]
[Round "4.7"]
[White "Diviak, Rastislav"]
[Black "Varga, David"]
[Result "0-1"]
[WhiteElo "1899"]
[BlackElo "2044"]
[PlyCount "78"]
[EventDate "2004.??.??"]

1. e4 e6 2. d4 d5 3. Nd2 Nf6 4. e5 Nfd7 5. Bd3 c5 6. c3 Nc6 7. Ne2 cxd4 8. cxd4
f6 9. exf6 Nxf6 10. Nf3 Bd6 11. O-O O-O 12. Re1 Qc7 13. Ng3 e5 14. dxe5 Nxe5
15. Nxe5 Bxe5 16. Qb3 Kh8 17. Be3 b6 18. Rac1 Qd6 19. Rcd1 Be6 20. Be2 Rac8 21.
Bd4 Bxd4 22. Rxd4 Rc5 23. Bf3 Qc6 24. Ne2 Rb5 25. Qa3 Qc5 26. b4 Qd6 27. Nc3
Ra5 28. Qb3 Ra6 29. Red1 Qe5 30. Be2 b5 31. Bxb5 Ng4 32. Rxg4 Bxg4 33. Bxa6
Bxd1 34. Qxd1 Qxc3 35. Bf1 d4 36. b5 Rd8 37. Bd3 Re8 38. Kf1 Rc8 39. Ke2 Qb2+ {
time} 0-1

[Event "SR 2. liga A 2004/2005"]
[Site "?"]
[Date "2004.11.22"]
[Round "4.7"]
[White "Hagara, Vladimir"]
[Black "Priam, Stefan"]
[Result "1-0"]
[WhiteElo "1980"]
[BlackElo "1802"]
[PlyCount "85"]
[EventDate "2004.??.??"]

1. d4 d5 2. c4 c6 3. Nf3 Nf6 4. Nc3 e6 5. Bg5 Be7 6. e3 O-O 7. Bd3 dxc4 8. Bxc4
Nbd7 9. O-O Nd5 10. Bxe7 Qxe7 11. Rc1 N7f6 12. Bd3 b5 13. Ne4 Nxe4 14. Bxe4 Bb7
15. Ne5 Rfc8 16. Nd3 Nf6 17. Bf3 a5 18. Nc5 Nd5 19. a3 h6 20. Qd2 a4 21. Rc2
Nb6 22. Rfc1 Nc4 23. Qc3 Rab8 24. Be2 Nb6 25. Bd3 Nd5 26. Qd2 Kh8 27. Be4 Nf6
28. Bf3 Nd5 29. Bxd5 exd5 30. Qb4 f5 31. Na6 Qg5 32. Nxb8 Rxb8 33. Qd6 Rd8 34.
Qe5 Qg6 35. Qc7 Rf8 36. Qxb7 f4 37. Qxc6 Qg5 38. exf4 Rxf4 39. Qe8+ Kh7 40. Qe3
Qf5 41. Qe5 Qg4 42. h3 Qh4 43. g3 1-0